| 000 | 01063cam a2200325 4500 | ||
|---|---|---|---|
| 001 | 8509 | ||
| 005 | 20181127190126.0 | ||
| 008 | 161117t20162016ii b 001 0 eng d | ||
| 010 | _a 2016332133 | ||
| 020 |
_a0199469334 _q(paperback) |
||
| 020 |
_a9780199469338 _q(paperback) |
||
| 082 | 0 | 4 |
_a791.430954 _223 |
| 100 | 1 |
_aRaghavendra, M. K., _e |
|
| 245 | 1 | 0 |
_aBollywood / _cM.K. Raghavendra. |
| 264 | 1 |
_aNew Delhi, India : _bOxford University Press, _c2016. |
|
| 300 |
_axxxii, 158 pages ; _c19 cm. |
||
| 336 |
_atext _2rdacontent |
||
| 337 |
_aunmediated _2rdamedia |
||
| 338 |
_avolume _2rdacarrier |
||
| 490 | 1 | _aOxford India short introductions | |
| 504 | _aIncludes bibliographical references (pages 131-139) and index. | ||
| 650 | 0 |
_aMotion picture industry _zIndia _zMumbai. |
|
| 650 | 0 |
_aMotion pictures _zIndia _xHistory. |
|
| 650 | 0 |
_aMotion pictures and language _zIndia. |
|
| 650 | 0 | _aMotion pictures, Hindi. | |
| 651 | 7 |
_aIndia _zMumbai. _2 _0 |
|
| 651 | 7 |
_aIndia. _2 _0 |
|
| 655 | 7 |
_aHistory. _2 _0 |
|
| 830 | 0 | _aOxford India short introductions. | |
| 999 |
_c7363 _d7363 |
||